| 000 | 00618nam a2200193 i 4500 | ||
|---|---|---|---|
| 001 | 51029 | ||
| 003 | ES-MaACL | ||
| 005 | 20230906162300.0 | ||
| 007 | t| | ||
| 008 | 030808s1926 it ||||1| ita d | ||
| 100 | 1 |
_aCurtius, Georg. _942252 |
|
| 245 | 1 | 0 |
_aGrammatica della lingua grieca / _cdi Georg Curtius ; recata in italiano da Giuseppe Mieller. |
| 250 | _asedicesima edizione ridevula e correlta dal Angelo Taccone. | ||
| 260 |
_aTorino : _b[s.n., _c1926] ( _fVincenzo Bona) |
||
| 300 | _aXVI, 404 p. | ||
| 700 | 1 |
_aMieller, Giuseppe. _980966 |
|
| 700 | 1 |
_aTaccone, Angelo. _9109049 |
|
| 852 |
_aES-MaACL _jF-57 |
||
| 999 |
_c51029 _d51029 |
||